La letra y el instante: Anotaciones a la actualidad cultural 1961-1963
Gardado en:
| Autor Principal: | |
|---|---|
| Formato: | Libro |
| Idioma: | Spanish |
| Publicado: |
Madrid, España
Editora Nacional
1967
|
| Materias: | |
| Etiquetas: |
Engadir etiqueta
Sen Etiquetas, Sexa o primeiro en etiquetar este rexistro!
|
MARC
| LEADER | 00000nam a2200000Ia 4500 | ||
|---|---|---|---|
| 008 | 170316s9999 xx 000 0 spa d | ||
| 040 | |a cru BVZT | ||
| 090 | |a 862 D-7L | ||
| 100 | |a Díaz-Plaja, Guillermo | ||
| 245 | |a La letra y el instante: Anotaciones a la actualidad cultural 1961-1963 |c Guillermo Díaz-Plaja | ||
| 260 | |a Madrid, España | ||
| 260 | |b Editora Nacional | ||
| 260 | |c 1967 | ||
| 300 | |a 298 páginas | ||
| 650 | |a LITERATURA ESPAÑOLA | ||
| 942 | |c 15 D | ||
| 999 | |c 9802 |d 9802 | ||
